000 00407nam a22001697a 4500
003 OSt
008 201117b ||||| |||| 00| 0 eng d
020 _a978-9385676130
082 _a338.5 AHM
100 _aAHUJA, H. L .
245 _aModern Microeconomics: Theory & Applications
250 _a19 ed
260 _aNew Delhi
_bS.Chand
_c2019
300 _a957
650 _aB.A Economics
942 _2ddc
_cBK
999 _c9115
_d9115